|
|
|
|
| LEADER |
02457nam a2200637 i 4500 |
| 001 |
nkc20172904421 |
| 003 |
CZ PrNK |
| 005 |
20180703095348.0 |
| 007 |
ta |
| 008 |
170627s2016 xr ac f 001 0 cze |
| 015 |
|
|
|a cnb002904421
|
| 020 |
|
|
|a 978-80-87292-34-1
|q (brožováno) :
|c Kč 299,00
|
| 035 |
|
|
|a (OCoLC)1000516107
|
| 040 |
|
|
|a ABA001
|b cze
|e rda
|
| 041 |
0 |
|
|a cze
|b eng
|
| 043 |
|
|
|a e-hu---
|
| 045 |
|
|
|a x6x8
|
| 072 |
|
7 |
|a 791
|x Film. Cirkus. Lidová zábava
|2 Konspekt
|9 3
|
| 080 |
|
|
|a 791.633-051
|2 MRF
|
| 080 |
|
|
|a 791.62-026.15
|2 MRF
|
| 080 |
|
|
|a 791.224
|2 MRF
|
| 080 |
|
|
|a 791.22/.23
|2 MRF
|
| 080 |
|
|
|a (439)
|2 MRF
|
| 080 |
|
|
|a (048.8)
|2 MRF
|
| 100 |
1 |
|
|a Hudec, Zdeněk,
|d 1971-
|7 ola2006329725
|4 aut
|
| 245 |
1 |
0 |
|a Miklós Jancsó a jeho filmy :
|b dějiny, moc a prostor v historických filmech Miklóse Jancsóa (1963-1981) /
|c Zdeněk Hudec
|
| 246 |
3 |
0 |
|a Dějiny, moc a prostor v historických filmech Miklóse Jancsóa (1963-1981)
|
| 250 |
|
|
|a Vydání první
|
| 264 |
|
1 |
|a Praha :
|b Václav Žák - Casablanca,
|c 2016
|
| 300 |
|
|
|a 207 stran :
|b ilustrace (některé barevné), portréty ;
|c 21 cm
|
| 336 |
|
|
|a text
|b txt
|2 rdacontent
|
| 337 |
|
|
|a bez média
|b n
|2 rdamedia
|
| 338 |
|
|
|a svazek
|b nc
|2 rdacarrier
|
| 490 |
1 |
|
|a Filmoví tvůrci ;
|v svazek 6. (8.)
|
| 504 |
|
|
|a Obsahuje bibliografie, bibliografické odkazy a rejstřík
|
| 546 |
|
|
|a Anglické resumé
|
| 600 |
1 |
7 |
|a Jancsó, Miklós,
|d 1921-2014
|7 jn20000700800
|2 czenas
|
| 648 |
|
7 |
|a 20.-21. století
|7 ch462155
|2 czenas
|
| 648 |
|
7 |
|a 20. století
|7 ch460558
|2 czenas
|
| 648 |
|
4 |
|a 1963-1981
|
| 650 |
0 |
7 |
|a filmoví režiséři
|7 ph120210
|z Maďarsko
|y 20.-21. století
|2 czenas
|
| 650 |
0 |
7 |
|a filmová tvorba
|7 ph174785
|z Maďarsko
|y 20. století
|2 czenas
|
| 650 |
0 |
7 |
|a historické filmy
|7 ph303237
|z Maďarsko
|y 20. století
|2 czenas
|
| 650 |
0 |
7 |
|a filmové náměty
|7 ph203867
|2 czenas
|
| 650 |
0 |
9 |
|a film directors
|z Hungary
|y 20th-21st centuries
|2 eczenas
|
| 650 |
0 |
9 |
|a art of film production
|z Hungary
|y 20th century
|2 eczenas
|
| 650 |
0 |
9 |
|a historical films
|z Hungary
|y 20th century
|2 eczenas
|
| 650 |
0 |
9 |
|a film themes
|2 eczenas
|
| 655 |
|
7 |
|a monografie
|7 fd132842
|2 czenas
|
| 655 |
|
9 |
|a monographs
|2 eczenas
|
| 830 |
|
0 |
|a Filmoví tvůrci (Casablanca)
|0 s
|
| 910 |
2 |
|
|a BOA001
|b 2-1394.938
|
| 928 |
9 |
|
|a Casablanca
|
| 990 |
|
|
|a BK
|
| 995 |
|
|
|a 01
|
| 996 |
6 |
|
|b 2610721896
|c 2-1394.938
|l MZK
|r Sklad / do 1 hodiny
|n 1
|p p.v.
|w 001635562
|u 000010
|a 1
|e BOA001
|j MZK50
|s P
|